[Event "IV Festival Magistrale"]
[Site "Aosta ITA"]
[Date "1989.12.??"]
[Round "?"]
[White "Bareev, Evgeny I."]
[Black "Belotti, Bruno"]
[WhiteElo "2580"]
[BlackElo "2330"]
[Result "1-0"]
[PlyCount "93"]
[EventDate "1989.12.02"]

1. d4 Nf6 2. c4 g6 3. Nc3 Bg7 4. e4 d6 5. Be2 O-O 6. Nf3 e5 7. O-O Nc6 8. d5
Ne7 9. Ne1 Nd7 10. Nd3 f5 11. Bd2 Nf6 12. f3 f4 13. g4 g5 14. Be1 Ng6 15. c5
Rf7 16. cxd6 cxd6 17. a4 h5 18. h3 Bf8 19. Kg2 Be7 20. Rc1 Qf8 21. a5 Bd8 22.
b4 Bd7 23. Bf2 Nh4+ 24. Bxh4 gxh4 25. Nf2 Qe8 26. Bd3 Rg7 27. Kh2 b6 28. a6 b5
29. Qe2 Rb8 30. Kh1 Bb6 31. Bxb5 Bxb5 32. Nxb5 Bxf2 33. Nxd6 Qd7 34. Nf5 Be3
35. Rc6 Ne8 36. Rb1 hxg4 37. hxg4 Rh7 38. Qc4 Kh8 39. Rb2 Ng7 40. Rc2 Nxf5 41.
exf5 Rd8 42. Qe4 Bd4 43. f6 Rh6 44. Kh2 Qh7 45. Rc8 Qd7 46. Qf5 Rh7 47. Rxd8+
1-0

[Event "IV Festival Magistrale"]
[Site "Aosta ITA"]
[Date "1989.12.??"]
[Round "?"]
[White "Bareev, Evgeny I."]
[Black "Hansen, Lars Bo"]
[WhiteElo "2580"]
[BlackElo "2525"]
[Result "1/2-1/2"]
[PlyCount "67"]
[EventDate "1989.12.02"]

1. d4 e6 2. c4 Nf6 3. Nc3 Bb4 4. Qc2 c5 5. dxc5 Bxc5 6. Nf3 Qb6 7. e3 Qc7 8. b3
a6 9. Bb2 b6 10. Bd3 Bb7 11. Ne4 Be7 12. Nxf6+ Bxf6 13. Bxf6 gxf6 14. Be4 Ke7
15. Bxb7 Qxb7 16. Ke2 d6 17. Rhd1 Nd7 18. Rd4 Ne5 19. Rad1 Rad8 20. Qe4 Qxe4
21. Rxe4 Rhg8 22. Nxe5 fxe5 23. g3 h6 24. Rh4 Rg6 25. Rd3 a5 26. e4 Rc8 27. a4
Rcg8 28. Ke3 Rf6 29. f3 Rfg6 30. Rh5 Rc8 31. Kd2 Rf6 32. Kc3 Rc6 33. Rh4 d5 34.
f4 1/2-1/2

[Event "IV Festival Magistrale"]
[Site "Aosta ITA"]
[Date "1989.12.??"]
[Round "?"]
[White "Bellia, Fabrizio"]
[Black "Braga, Fernando Alberto"]
[WhiteElo "2265"]
[BlackElo "2470"]
[Result "0-1"]
[PlyCount "72"]
[EventDate "1989.12.02"]

1. Nf3 Nf6 2. g3 d5 3. Bg2 e6 4. O-O Be7 5. d3 c5 6. Nbd2 Nc6 7. e4 O-O 8. c3
Qc7 9. Re1 dxe4 10. dxe4 Rd8 11. e5 Nd7 12. Qe2 Nf8 13. Nc4 Rb8 14. h4 b5 15.
Nd6 b4 16. h5 h6 17. Bf4 Bd7 18. Rad1 Nh7 19. Qe3 bxc3 20. bxc3 Qa5 21. Bf1
Bxd6 22. Rxd6 Ne7 23. Ra6 Qc7 24. Bc4 Bb5 25. Bxb5 Rxb5 26. c4 Rb6 27. Ra5 Nf5
28. Qxc5 Qb7 29. Qa3 Rb1 30. Rxb1 Qxb1+ 31. Kg2 Qe4 32. Rxa7 Ng5 33. Bxg5 hxg5
34. Kh2 Nh6 35. Qb3 Ng4+ 36. Kg1 Qe2 0-1

[Event "IV Festival Magistrale"]
[Site "Aosta ITA"]
[Date "1989.??.??"]
[Round "?"]
[White "Beggi, Pierluigi"]
[Black "Flear, Christine"]
[WhiteElo "2265"]
[BlackElo "2195"]
[Result "1/2-1/2"]
[PlyCount "64"]
[EventDate "1989.12.02"]

1. c4 f5 2. g3 Nf6 3. Bg2 d6 4. Nc3 g6 5. e4 fxe4 6. Nxe4 Bg7 7. Nxf6+ Bxf6 8.
Ne2 c6 9. O-O O-O 10. d4 e5 11. Bh6 Re8 12. dxe5 Bxe5 13. Qd2 Be6 14. Rac1 Qb6
15. b3 Na6 16. Be3 Qc7 17. Nd4 Qf7 18. Nxe6 Qxe6 19. b4 Nc7 20. b5 Qd7 21. bxc6
bxc6 22. Rb1 Ne6 23. Rfd1 Red8 24. Qc2 Rac8 25. Qe4 Rc7 26. c5 Qe7 27. Re1 Bf6
28. cxd6 Qxd6 29. Qc4 Kg7 30. Bc1 Re7 31. Be3 c5 32. Rb7 Rxb7 1/2-1/2

[Event "IV Festival Magistrale"]
[Site "Aosta ITA"]
[Date "1989.12.??"]
[Round "?"]
[White "Belotti, Bruno"]
[Black "Garcia Palermo, Carlos Horacio"]
[WhiteElo "2330"]
[BlackElo "2465"]
[Result "1/2-1/2"]
[PlyCount "63"]
[EventDate "1989.12.02"]

1. e4 c6 2. d4 d5 3. Nc3 dxe4 4. Nxe4 Bf5 5. Ng3 Bg6 6. Bc4 Nf6 7. Nf3 Nbd7 8.
Qe2 e6 9. O-O Be7 10. Bb3 O-O 11. Ne5 Nxe5 12. dxe5 Nd7 13. a4 Nc5 14. Bc4 Nxa4
15. Rxa4 b5 16. Ra6 bxc4 17. Rxc6 Rc8 18. Rxc4 Qd5 19. Rxc8 Rxc8 20. Rd1 Rxc2
21. Rxd5 Rxe2 22. Nxe2 exd5 23. Be3 a5 24. Nc3 Bb4 25. Nxd5 Be4 26. Nb6 h5 27.
f3 Bc6 28. Kf2 a4 29. Nc4 Bb5 30. Nd6 Bxd6 31. exd6 f5 32. Kg3 1/2-1/2

[Event "IV Festival Magistrale"]
[Site "Aosta ITA"]
[Date "1989.??.??"]
[Round "?"]
[White "Belotti, Bruno"]
[Black "Tradardi, Mario"]
[WhiteElo "2330"]
[BlackElo "2020"]
[Result "1-0"]
[PlyCount "51"]
[EventDate "1989.12.02"]

1. d4 Nf6 2. c4 e6 3. Nf3 Bb4+ 4. Nbd2 O-O 5. a3 Be7 6. e4 d5 7. e5 Nfd7 8.
cxd5 exd5 9. Bd3 c5 10. O-O Nc6 11. Re1 a5 12. h3 Re8 13. Nf1 cxd4 14. Ng3 Nf8
15. b3 Qb6 16. Ra2 h6 17. Rae2 Ne6 18. Bc2 Bf8 19. Bxh6 Bxa3 20. Bxg7 Nxg7 21.
Qd3 Bf5 22. Nxf5 Nb4 23. Ne7+ Kf8 24. Qh7 d3 25. Bxd3 Nxd3 26. Nxd5 1-0

[Event "IV Festival Magistrale"]
[Site "Aosta ITA"]
[Date "1989.12.??"]
[Round "?"]
[White "Borges, D."]
[Black "Vezzosi, Paolo"]
[WhiteElo "2010"]
[BlackElo "2335"]
[Result "1-0"]
[PlyCount "51"]
[EventDate "1989.12.02"]

1. d4 Nf6 2. Nf3 e6 3. c4 Bb4+ 4. Bd2 Qe7 5. Nc3 O-O 6. Qc2 d5 7. e3 c5 8. a3
Bxc3 9. Bxc3 Ne4 10. dxc5 Nxc3 11. Qxc3 Qxc5 12. b4 Qc7 13. Rc1 a5 14. b5 dxc4
15. Qb2 Nd7 16. Rxc4 Qd6 17. Be2 Nc5 18. O-O b6 19. Rd1 Qc7 20. Ne5 Bb7 21. Rd7
Qc8 22. Rg4 Nxd7 23. Nc6 e5 24. Ne7+ Kh8 25. Nxc8 Raxc8 26. Rc4 1-0

[Event "IV Festival Magistrale"]
[Site "Aosta ITA"]
[Date "1989.12.??"]
[Round "?"]
[White "Dokhoian, Yury"]
[Black "Godena, Michele"]
[WhiteElo "2570"]
[BlackElo "2405"]
[Result "1/2-1/2"]
[PlyCount "67"]
[EventDate "1989.12.02"]

1. d4 Nf6 2. Nf3 e6 3. c4 b6 4. Nc3 Bb7 5. a3 d5 6. cxd5 Nxd5 7. e3 Be7 8. Bb5+
c6 9. Bd3 O-O 10. Qc2 h6 11. O-O c5 12. e4 Nxc3 13. bxc3 Qc8 14. Qe2 cxd4 15.
cxd4 Ba6 16. Rd1 Bxd3 17. Rxd3 Nd7 18. Bf4 Qb7 19. Re1 Rad8 20. Nd2 Qa6 21.
Bxh6 Bf6 22. Nb3 Nc5 23. Nxc5 bxc5 24. e5 Rxd4 25. Rxd4 Qxe2 26. Rxe2 cxd4 27.
exf6 gxh6 28. Kf1 Rc8 29. Re4 d3 30. Ke1 Rc1+ 31. Kd2 Rc2+ 32. Ke1 Rc1+ 33. Kd2
Rc2+ 34. Ke1 1/2-1/2

[Event "IV Festival Magistrale"]
[Site "Aosta ITA"]
[Date "1989.12.??"]
[Round "?"]
[White "Dzevlan, Miralem"]
[Black "Zakic, Srdjan"]
[WhiteElo "2450"]
[BlackElo "2315"]
[Result "0-1"]
[PlyCount "102"]
[EventDate "1989.12.02"]

1. e4 c5 2. Nf3 Nc6 3. d4 cxd4 4. Nxd4 Nf6 5. Nc3 e5 6. Nf5 d5 7. exd5 Bxf5 8.
dxc6 bxc6 9. Qf3 Qd7 10. Bg5 e4 11. Qg3 Bd6 12. Qh4 Be5 13. Bc4 O-O 14. O-O h6
15. Bxf6 Bxf6 16. Qg3 Qd4 17. Bb3 Be5 18. Qe3 Qxe3 19. fxe3 Bg6 20. Rad1 Rad8
21. Ba4 Rxd1 22. Rxd1 Rb8 23. Bb3 Bf5 24. Rf1 g6 25. h3 h5 26. Rd1 Kf8 27. Na4
Ke7 28. c3 h4 29. Bc2 g5 30. Rd2 Bg6 31. Bb3 f5 32. Nc5 Bd6 33. Na6 Rb6 34. Bc4
f4 35. exf4 gxf4 36. b4 e3 37. Rd1 Bc2 38. Rc1 Be4 39. Be2 Kf6 40. a3 Rb7 41.
Rd1 Ke5 42. Rd4 Rg7 43. Bg4 Bd5 44. Kf1 Rb7 45. Be2 Rg7 46. Bg4 Kf6 47. c4 Ke5
48. cxd5 Kxd4 49. dxc6 Kd3 50. Bf3 Kd2 51. a4 Rg3 0-1

[Event "IV Festival Magistrale"]
[Site "Aosta ITA"]
[Date "1989.12.??"]
[Round "?"]
[White "Farago, Ivan"]
[Black "Bogdanovski, Vlatko"]
[WhiteElo "2495"]
[BlackElo "2390"]
[Result "1-0"]
[PlyCount "103"]
[EventDate "1989.12.02"]

1. d4 Nf6 2. c4 e6 3. Nf3 Bb4+ 4. Bd2 c5 5. Bxb4 cxb4 6. g3 O-O 7. Bg2 d6 8.
O-O Re8 9. Qb3 Nc6 10. d5 Na5 11. Qxb4 exd5 12. cxd5 Nxd5 13. Qd2 Nf6 14. Nc3
Bg4 15. Rfd1 Rc8 16. b3 Nc6 17. h3 Bh5 18. Rac1 Bg6 19. Qxd6 Qxd6 20. Rxd6 Nb4
21. Rd4 Nfd5 22. Rc4 Rxc4 23. bxc4 Nxc3 24. Rxc3 Rxe2 25. Rb3 a5 26. a3 Nd3 27.
Rxb7 Kf8 28. Nh4 Re1+ 29. Kh2 Be4 30. Bxe4 Rxe4 31. Nf5 Re5 32. Nd6 f6 33. Kg2
Ne1+ 34. Kf1 Nf3 35. Rc7 h5 36. c5 g5 37. g4 hxg4 38. hxg4 Re1+ 39. Kg2 Nh4+
40. Kh2 Nf3+ 41. Kg3 Ne5 42. c6 Rc1 43. Rc8+ Ke7 44. Nf5+ Ke6 45. Nd4+ Ke7 46.
f3 a4 47. c7 Kd7 48. Rf8 Rxc7 49. Rxf6 Rc4 50. Rf5 Kd6 51. Nb5+ Ke6 52. Rxg5
1-0

[Event "IV Festival Magistrale"]
[Site "Aosta ITA"]
[Date "1989.12.??"]
[Round "?"]
[White "Farago, Ivan"]
[Black "Borges, D."]
[WhiteElo "2495"]
[BlackElo "2010"]
[Result "1-0"]
[PlyCount "79"]
[EventDate "1989.12.02"]

1. d4 Nf6 2. c4 e6 3. Nc3 d5 4. Nf3 Be7 5. Bg5 O-O 6. e3 Nbd7 7. Rc1 a6 8. c5
c6 9. Be2 e5 10. O-O h6 11. Bh4 e4 12. Nd2 Nh7 13. Bg3 Ng5 14. b4 Ne6 15. f3
exf3 16. Nxf3 Ng5 17. Bd3 Re8 18. Bb1 Bf6 19. Qd3 Ne4 20. Nxe4 dxe4 21. Qc2 Nf8
22. Nd2 Bg5 23. Rce1 f5 24. Nc4 Be6 25. Nd6 Qd7 26. a3 Red8 27. Ba2 g6 28. h4
Be7 29. h5 Bxd6 30. Bxd6 Kh7 31. hxg6+ Kxg6 32. g4 Kh7 33. gxf5 Bxf5 34. Qf2
Bg6 35. Qf6 Qg4+ 36. Kh2 Rd7 37. Rf4 Qh5+ 38. Rh4 Qf3 39. Qxf3 exf3 40. Rf4 1-0

[Event "IV Festival Magistrale"]
[Site "Aosta ITA"]
[Date "1989.12.??"]
[Round "?"]
[White "Farago, Ivan"]
[Black "Ljubisavljevic, Zivojin Z."]
[WhiteElo "2495"]
[BlackElo "2330"]
[Result "1-0"]
[PlyCount "89"]
[EventDate "1989.12.02"]

1. d4 d5 2. c4 c6 3. Nc3 dxc4 4. e4 b5 5. a4 e5 6. Nf3 b4 7. Nb1 exd4 8. Bxc4
Ba6 9. Qb3 Bxc4 10. Qxc4 Nf6 11. Bg5 Be7 12. Bxf6 Bxf6 13. e5 Be7 14. Nxd4 O-O
15. O-O c5 16. Nf3 Nc6 17. Qe4 Qc8 18. Nbd2 Qe6 19. Nc4 Nd4 20. Rac1 Rad8 21.
Nxd4 Rxd4 22. Qe2 Bg5 23. Rc2 Rfd8 24. b3 Qd5 25. g3 Rd3 26. Rb2 Qf3 27. Qxf3
Rxf3 28. Kg2 Rc3 29. f4 Be7 30. Rf3 Rdd3 31. Rxd3 Rxd3 32. Kf2 h5 33. Ne3 f6
34. Ke2 Rd8 35. exf6 Bxf6 36. Rd2 Re8 37. Kd3 h4 38. Ng4 Rd8+ 39. Kc2 Bd4 40.
Ne5 hxg3 41. hxg3 Re8 42. Nc6 Bc3 43. Rd8 Rxd8 44. Nxd8 Be1 45. g4 1-0

[Event "IV Festival Magistrale"]
[Site "Aosta ITA"]
[Date "1989.12.??"]
[Round "?"]
[White "Farago, Ivan"]
[Black "Mohr, Georg"]
[WhiteElo "2495"]
[BlackElo "2460"]
[Result "1-0"]
[PlyCount "65"]
[EventDate "1989.12.02"]

1. d4 Nf6 2. Nf3 g6 3. c4 Bg7 4. Nc3 O-O 5. e4 d6 6. Be2 Bg4 7. Be3 Nfd7 8. Rc1
c5 9. d5 a6 10. Qb3 Qb6 11. Qc2 Qa5 12. Bd2 Bxf3 13. Bxf3 b5 14. b3 b4 15. Na4
Nb6 16. Nxb6 Qxb6 17. h4 e6 18. h5 exd5 19. hxg6 hxg6 20. e5 dxe5 21. Bxd5 Ra7
22. Bg5 Nd7 23. Rd1 Re8 24. Qe4 Rc7 25. Rd3 Kf8 26. Bxf7 Kxf7 27. Rf3+ Kg8 28.
Qh4 Nf8 29. Bf6 g5 30. Qxg5 e4 31. Rg3 Ne6 32. Qg6 Kf8 33. Rh8+ 1-0

[Event "IV Festival Magistrale"]
[Site "Aosta ITA"]
[Date "1989.12.??"]
[Round "?"]
[White "Fercec, Nenad"]
[Black "Negro, Roberto"]
[WhiteElo "2410"]
[BlackElo "1900"]
[Result "1-0"]
[PlyCount "69"]
[EventDate "1989.12.02"]

1. e4 c5 2. Nf3 Nc6 3. d4 cxd4 4. Nxd4 Nf6 5. Nc3 e5 6. Ndb5 d6 7. Bg5 a6 8.
Na3 b5 9. Bxf6 gxf6 10. Nd5 f5 11. Bxb5 axb5 12. Nxb5 Ra4 13. c4 Qa5+ 14. b4
Rxb4 15. O-O Rxc4 16. Qd3 Rc5 17. Nf6+ Kd8 18. Nxd6 Ke7 19. Nh5 Bh6 20. Nxc8+
Rxc8 21. exf5 f6 22. Nxf6 Kxf6 23. Qd6+ Kg7 24. Qd7+ Ne7 25. Qxe7+ Kh8 26. Rad1
Rd5 27. Qe6 Rxd1 28. Rxd1 Rc1 29. Rxc1 Bxc1 30. Qc8+ Kg7 31. Qxc1 Qxa2 32. Qg5+
Kf7 33. h4 Qb1+ 34. Kh2 Qe4 35. h5 1-0

[Event "IV Festival Magistrale"]
[Site "Aosta ITA"]
[Date "1989.12.??"]
[Round "?"]
[White "Fedorov, Vladislav"]
[Black "Fornari, Giuseppe"]
[WhiteElo "2410"]
[BlackElo "2115"]
[Result "1/2-1/2"]
[PlyCount "78"]
[EventDate "1989.12.02"]

1. e4 c5 2. c3 Nf6 3. e5 Nd5 4. d4 cxd4 5. Nf3 e6 6. cxd4 b6 7. Nc3 Nxc3 8.
bxc3 Qc7 9. Bd2 Bb7 10. Bd3 d6 11. O-O Nd7 12. Re1 dxe5 13. Nxe5 Nxe5 14. Rxe5
Bd6 15. Rh5 g6 16. Rh3 Qc6 17. f3 O-O 18. Qe1 Be7 19. Qe3 f5 20. Bb5 Qd6 21.
Qh6 Rf7 22. Bf4 Qd5 23. Ba4 Qa5 24. Be5 Qxa4 25. Qxg6+ Kf8 26. Qh6+ Ke8 27.
Qxe6 Qc6 28. Qb3 Rc8 29. Rxh7 Rxh7 30. Qg8+ Kd7 31. Qxh7 Qxc3 32. Qxf5+ Ke8 33.
Qg6+ Kd7 34. Qg4+ Ke8 35. Qg6+ Kd7 36. Qg4+ Ke8 37. Qg6+ Kd7 38. Qg4+ Ke8 39.
Qg6+ Kd7 1/2-1/2

[Event "IV Festival Magistrale"]
[Site "Aosta ITA"]
[Date "1989.12.??"]
[Round "?"]
[White "Flear, Glenn Curtis"]
[Black "Drasko, Milan"]
[WhiteElo "2430"]
[BlackElo "2485"]
[Result "1/2-1/2"]
[PlyCount "54"]
[EventDate "1989.12.02"]

1. d4 Nf6 2. c4 e6 3. Nc3 Bb4 4. Qc2 O-O 5. a3 Bxc3+ 6. Qxc3 b6 7. Bg5 Bb7 8.
e3 d6 9. f3 Nbd7 10. Bd3 c5 11. Ne2 h6 12. Bh4 Rc8 13. Qd2 cxd4 14. exd4 Ba6
15. Rc1 d5 16. cxd5 Bxd3 17. Rxc8 Qxc8 18. dxe6 Bxe2 19. exd7 Qxd7 20. Kxe2 g5
21. Bg3 Re8+ 22. Kd1 Rc8 23. Qd3 Qd5 24. Kd2 Qa2 25. Qb1 Qd5 26. Qd3 Qa2 27.
Qb1 Qd5 1/2-1/2

[Event "IV Festival Magistrale"]
[Site "Aosta ITA"]
[Date "1989.12.??"]
[Round "?"]
[White "Garcia Palermo, Carlos Horacio"]
[Black "Laketic, Gojko"]
[WhiteElo "2465"]
[BlackElo "2405"]
[Result "1-0"]
[PlyCount "99"]
[EventDate "1989.12.02"]

1. d4 Nf6 2. c4 e6 3. Nc3 Bb4 4. e3 c5 5. Nge2 cxd4 6. exd4 d5 7. c5 Ne4 8. Bd2
Nc6 9. Nxe4 dxe4 10. Bxb4 Nxb4 11. Nc3 Qxd4 12. Qxd4 Nc2+ 13. Kd2 Nxd4 14. Nxe4
Ke7 15. Kc3 e5 16. f4 Nc6 17. g3 Be6 18. Bg2 Bd5 19. fxe5 Nxe5 20. Rhe1 Bc6 21.
Nd6 f6 22. Bxc6 bxc6 23. Re4 Ke6 24. g4 h6 25. h4 Rhd8 26. Rd1 Rd7 27. b3 Rad8
28. Rdd4 Ke7 29. Ra4 Kf8 30. Ra6 Rc7 31. Rd4 Rdd7 32. Rb4 Nf7 33. Rb8+ Rd8 34.
Rxd8+ Nxd8 35. Ra4 Nf7 36. Re4 Ne5 37. b4 Ke7 38. a4 Ke6 39. h5 g6 40. hxg6 Rg7
41. Nc4 Rxg6 42. Rd4 Nf7 43. b5 cxb5 44. axb5 Rg5 45. Kb4 h5 46. gxh5 Rxh5 47.
c6 f5 48. c7 Rh8 49. Kc5 Rc8 50. Kc6 1-0

[Event "IV Festival Magistrale"]
[Site "Aosta ITA"]
[Date "1989.12.??"]
[Round "?"]
[White "Garcia Gonzales, Guillermo"]
[Black "Zakic, Srdjan"]
[WhiteElo "2510"]
[BlackElo "2315"]
[Result "1-0"]
[PlyCount "81"]
[EventDate "1989.12.02"]

1. d4 Nf6 2. Nf3 g6 3. g3 Bg7 4. Bg2 O-O 5. O-O d6 6. Re1 Nbd7 7. e4 e5 8. a4
exd4 9. Nxd4 Ne5 10. Nc3 Bg4 11. f3 Bd7 12. b3 Re8 13. Be3 c6 14. Qd2 Qa5 15.
Rad1 Qb4 16. Kh1 c5 17. Ndb5 Bh3 18. Bg5 Bxg2+ 19. Qxg2 a6 20. Bxf6 axb5 21.
Nd5 Qa5 22. axb5 Qxb5 23. Bxg7 Kxg7 24. Nc7 Qb4 25. f4 Nc6 26. Rf1 Rac8 27.
Nxe8+ Rxe8 28. Rxd6 Qxe4 29. Qxe4 Rxe4 30. c3 c4 31. b4 Re3 32. Rc1 Ne7 33. Rd2
h5 34. Kg2 Nf5 35. Kf2 Re6 36. Re1 Ra6 37. Re4 b5 38. Re5 Ra3 39. Rc2 Nd4 40.
Ke3 f5 41. Kxd4 1-0

[Event "IV Festival Magistrale"]
[Site "Aosta ITA"]
[Date "1989.12.??"]
[Round "?"]
[White "Gallagher, Joseph G."]
[Black "Tatai, Stefano"]
[WhiteElo "2445"]
[BlackElo "2385"]
[Result "1/2-1/2"]
[PlyCount "82"]
[EventDate "1989.12.02"]

1. e4 c5 2. Nf3 d6 3. d4 cxd4 4. Nxd4 Nf6 5. Nc3 g6 6. Be3 Bg7 7. f3 Nc6 8. Qd2
O-O 9. Bc4 Bd7 10. O-O-O Rc8 11. Bb3 Ne5 12. h4 Nc4 13. Bxc4 Rxc4 14. h5 Nxh5
15. g4 Nf6 16. Bh6 Nxe4 17. Qe3 Rxc3 18. bxc3 Nf6 19. Bxg7 Kxg7 20. Rh2 Rg8 21.
Ne2 Kh8 22. Qxa7 Bc6 23. Qe3 Rg7 24. c4 Qc7 25. g5 Ng8 26. f4 Bd7 27. Qd4 Be6
28. f5 Bxf5 29. Rxh7+ Kxh7 30. Rh1+ Nh6 31. Rxh6+ Kg8 32. Qh4 f6 33. gxf6 exf6
34. Nd4 Qxc4 35. Qxf6 Qc3 36. Qd8+ Kf7 37. Qxd6 Qe3+ 38. Kb2 Qe4 39. Rh8 Qe7
40. Qd5+ Kf6 41. Nxf5 Qb4+ 1/2-1/2

[Event "IV Festival Magistrale"]
[Site "Aosta ITA"]
[Date "1989.??.??"]
[Round "?"]
[White "Gallagher, Joseph G."]
[Black "Braga, Fernando Alberto"]
[WhiteElo "2445"]
[BlackElo "2470"]
[Result "0-1"]
[PlyCount "87"]
[EventDate "1989.12.02"]

1. e4 e6 2. d4 d5 3. Nc3 Bb4 4. e5 Ne7 5. a3 Bxc3+ 6. bxc3 c5 7. Qg4 O-O 8. Bd3
f5 9. exf6 Rxf6 10. Bg5 Rf7 11. Qh4 h6 12. Nf3 Nbc6 13. Bxe7 Rxe7 14. O-O c4
15. Bg6 Bd7 16. Rfe1 Qf8 17. Ne5 Nxe5 18. Rxe5 Be8 19. Bxe8 Raxe8 20. Qg4 Kh7
21. f4 Rf7 22. Rxe6 Rxe6 23. Qxe6 Re7 24. Qxd5 Qxf4 25. Qxc4 Qe3+ 26. Kh1 Qe1+
27. Qf1 Qxc3 28. Rd1 Qxc2 29. d5 Rf7 30. Qg1 Qf2 31. Qxf2 Rxf2 32. Kg1 Rf7 33.
g4 Kg6 34. Kg2 Kf6 35. Re1 Re7 36. Rf1+ Ke5 37. Rf5+ Kd6 38. Kf3 b5 39. h4 a5
40. g5 hxg5 41. Rxg5 b4 42. axb4 axb4 43. Rg4 Kc5 44. d6 0-1

[Event "IV Festival Magistrale"]
[Site "Aosta ITA"]
[Date "1989.12.??"]
[Round "?"]
[White "Godena, Michele"]
[Black "Bareev, Evgeny I."]
[WhiteElo "2405"]
[BlackElo "2580"]
[Result "0-1"]
[PlyCount "80"]
[EventDate "1989.12.02"]

1. e4 e6 2. d4 d5 3. Nd2 c5 4. exd5 exd5 5. Ngf3 Nf6 6. Bb5+ Bd7 7. Bxd7+ Nbxd7
8. O-O Be7 9. dxc5 Nxc5 10. Nd4 Qd7 11. N2b3 Nce4 12. Qf3 O-O 13. Nf5 Bd8 14.
Be3 g6 15. Ng3 Re8 16. Rfd1 Qc8 17. c3 a5 18. a4 Ra6 19. Nxe4 dxe4 20. Qe2 Bc7
21. h3 Bb8 22. Rd4 Qe6 23. Qb5 Rb6 24. Rxe4 Nxe4 25. Qxb6 Qe5 26. Rd1 Bc7 27.
Qxb7 Qh2+ 28. Kf1 Qh1+ 29. Ke2 Qxg2 30. Qxc7 Nxf2 31. Rd8 Ng4+ 32. Kd3 Qe4+ 33.
Kd2 Qxe3+ 34. Kc2 Qe4+ 35. Kc1 Qe1+ 36. Rd1 Qe3+ 37. Kb1 Qe4+ 38. Kc1 Ne3 39.
Nd4 Nxd1 40. Kxd1 Qd3+ 0-1

[Event "IV Festival Magistrale"]
[Site "Aosta ITA"]
[Date "1989.12.??"]
[Round "?"]
[White "Godena, Michele"]
[Black "Hansen, Lars Bo"]
[WhiteElo "2405"]
[BlackElo "2525"]
[Result "1-0"]
[PlyCount "117"]
[EventDate "1989.12.02"]

1. e4 c5 2. Nf3 e6 3. c3 Ne7 4. d3 Nbc6 5. Nbd2 d5 6. Be2 g6 7. O-O Bg7 8. Qc2
h6 9. Rb1 a5 10. a4 g5 11. h3 Ng6 12. Nb3 b6 13. Re1 O-O 14. d4 cxd4 15. Nbxd4
Nxd4 16. Nxd4 Bxd4 17. cxd4 dxe4 18. Qxe4 Ra7 19. Bc4 Bb7 20. Qd3 Bd5 21. Bxd5
Qxd5 22. b4 Rc8 23. bxa5 Nh4 24. Qe4 Qxe4 25. Rxe4 bxa5 26. Be3 Rc4 27. f4 Nf5
28. fxg5 hxg5 29. Bxg5 Kg7 30. Rg4 f6 31. Bd2+ Kf7 32. d5 exd5 33. Rxc4 dxc4
34. Rc1 Rd7 35. Bxa5 Ra7 36. Bc3 Ne3 37. Bd4 Re7 38. Bxe3 Rxe3 39. Rxc4 Ra3 40.
Rc7+ Kg6 41. Ra7 f5 42. a5 f4 43. Kf2 Kf5 44. a6 Ra2+ 45. Kg1 Ra1+ 46. Kh2 Kf6
47. Ra8 Kg6 48. a7 Kg7 49. h4 Ra3 50. Kg1 Ra2 51. h5 Kh7 52. h6 Ra6 53. Kf2 Ra3
54. Ke2 Re3+ 55. Kf1 Ra3 56. Kf2 Ra2+ 57. Kf3 Ra3+ 58. Kxf4 Ra4+ 59. Ke5 1-0

[Event "IV Festival Magistrale"]
[Site "Aosta ITA"]
[Date "1989.12.??"]
[Round "?"]
[White "Godena, Michele"]
[Black "Ilincic, Zlatko"]
[WhiteElo "2405"]
[BlackElo "2485"]
[Result "1-0"]
[PlyCount "81"]
[EventDate "1989.12.02"]

1. e4 e5 2. Nf3 Nc6 3. Bb5 a6 4. Ba4 Nf6 5. O-O Be7 6. Bxc6 dxc6 7. d3 Nd7 8.
b3 f6 9. Bb2 Nc5 10. Nh4 Be6 11. Nd2 Qd7 12. f4 exf4 13. Rxf4 g5 14. Rxf6 Bxf6
15. Bxf6 Rg8 16. Nhf3 Bg4 17. Qf1 Bxf3 18. Qxf3 Qf7 19. Rf1 Nd7 20. Bxg5 Qxf3
21. Nxf3 Ne5 22. Bf4 Nxf3+ 23. Rxf3 Kd7 24. Rh3 Rg7 25. Kf2 c5 26. Rh5 b6 27.
Kf3 Kc6 28. g4 Kb5 29. Bd2 Rd8 30. a4+ Kc6 31. Bf4 Rf8 32. h4 b5 33. axb5+ axb5
34. Rf5 Rxf5 35. exf5 Kd5 36. g5 c6 37. h5 Ra7 38. Kg4 Ra1 39. g6 Rg1+ 40. Bg3
hxg6 41. hxg6 1-0

[Event "IV Festival Magistrale"]
[Site "Aosta ITA"]
[Date "1989.12.??"]
[Round "?"]
[White "Godena, Michele"]
[Black "Ivekovic, Mario"]
[WhiteElo "2405"]
[BlackElo "2230"]
[Result "1-0"]
[PlyCount "81"]
[EventDate "1989.12.02"]

1. e4 c6 2. d4 d5 3. Nc3 dxe4 4. Nxe4 Nf6 5. Nxf6+ exf6 6. Nf3 Bd6 7. Be3 O-O
8. Be2 Qc7 9. O-O Rd8 10. Qc1 Bg4 11. h3 Bh5 12. c3 Nd7 13. Qc2 c5 14. Rad1 Nb6
15. dxc5 Bxc5 16. Bxc5 Qxc5 17. Nd4 Bg6 18. Qb3 Be4 19. Ne6 fxe6 20. Qxe6+ Kh8
21. Rxd8+ Rxd8 22. Qxe4 g6 23. Qxb7 Rd7 24. Qf3 Kg7 25. Rd1 Re7 26. Bf1 Na4 27.
Rd2 Qg5 28. Qd1 Nc5 29. Rd5 Re5 30. Rxe5 Qxe5 31. b4 Ne4 32. Qd7+ Kf8 33. Qxa7
Nxc3 34. Bc4 Qe1+ 35. Kh2 Qe5+ 36. g3 Ke8 37. Qxh7 Qd4 38. Qxg6+ Ke7 39. Qh7+
Ke8 40. Qh5+ Kd7 41. Qf5+ 1-0

[Event "IV Festival Magistrale"]
[Site "Aosta ITA"]
[Date "1989.12.??"]
[Round "?"]
[White "Hansen, Lars Bo"]
[Black "Kljako, Damir"]
[WhiteElo "2525"]
[BlackElo "2300"]
[Result "1-0"]
[PlyCount "57"]
[EventDate "1989.12.02"]

1. d4 g6 2. Nf3 Bg7 3. e4 d6 4. Be2 Nf6 5. Nc3 O-O 6. O-O c6 7. Re1 Qc7 8. Bf4
Nbd7 9. e5 Nh5 10. Bg5 f6 11. exd6 exd6 12. Be3 d5 13. Qd2 f5 14. Bh6 Ndf6 15.
Bxg7 Kxg7 16. Ne5 Ng4 17. h3 Nxe5 18. dxe5 Be6 19. Bxh5 gxh5 20. Ne2 Qf7 21.
Qg5+ Qg6 22. Qh4 Kh6 23. Nf4 Qf7 24. Re3 Rae8 25. Rd1 Rg8 26. Rdd3 Rg5 27. Rg3
Reg8 28. Nxe6 Qxe6 29. Qf4 1-0

[Event "IV Festival Magistrale"]
[Site "Aosta ITA"]
[Date "1989.12.??"]
[Round "?"]
[White "Hutters, Tomas"]
[Black "Pomes Marcet, Juan"]
[WhiteElo "2235"]
[BlackElo "2385"]
[Result "1/2-1/2"]
[PlyCount "66"]
[EventDate "1989.12.02"]

1. d4 d6 2. Nf3 f5 3. Nc3 Nf6 4. Bg5 e6 5. e4 Be7 6. exf5 exf5 7. Bc4 c6 8. d5
c5 9. O-O O-O 10. Ne2 Nh5 11. Bxe7 Qxe7 12. Ng3 Nxg3 13. hxg3 Na6 14. Bxa6 bxa6
15. Qd2 Rb8 16. c4 Rb4 17. b3 a5 18. Ne1 a4 19. Nd3 Rb6 20. b4 cxb4 21. Nxb4
Qc7 22. Rac1 Qc5 23. Nc6 Bd7 24. Nd4 Re8 25. Rfe1 Rxe1+ 26. Rxe1 Qxc4 27. Qg5
Rb8 28. Nxf5 Bxf5 29. Qxf5 Qc8 30. Qf4 Qc5 31. Qxa4 Rf8 32. Rf1 a5 33. Qe4 g6
1/2-1/2

[Event "IV Festival Magistrale"]
[Site "Aosta ITA"]
[Date "1989.12.??"]
[Round "?"]
[White "Ilincic, Zlatko"]
[Black "Kiss, Attila"]
[WhiteElo "2485"]
[BlackElo "2355"]
[Result "1-0"]
[PlyCount "59"]
[EventDate "1989.12.02"]

1. e4 c5 2. Nf3 Nc6 3. d4 cxd4 4. Nxd4 Nf6 5. Nc3 d6 6. Bc4 e6 7. Be3 Be7 8.
Qe2 O-O 9. O-O-O a6 10. Bb3 Qe8 11. Rhg1 Nd7 12. g4 Nc5 13. g5 b5 14. Nxc6 Qxc6
15. Bd4 Nxb3+ 16. axb3 Bd7 17. Qh5 Rfc8 18. Bf6 g6 19. Qh4 Bf8 20. Rd3 e5 21.
Rgg3 h5 22. gxh6 Kh7 23. Bg7 Be6 24. Qf6 Qe8 25. Bxf8 Qxf8 26. Rxd6 Rc5 27.
Rxe6 fxe6 28. Qxg6+ Kh8 29. Rf3 Qe7 30. Rf7 1-0

[Event "IV Festival Magistrale"]
[Site "Aosta ITA"]
[Date "1989.12.??"]
[Round "?"]
[White "Ivanovic, Bozidar"]
[Black "Belotti, Bruno"]
[WhiteElo "2545"]
[BlackElo "2330"]
[Result "1-0"]
[PlyCount "63"]
[EventDate "1989.12.02"]

1. e4 c6 2. d4 d5 3. Nc3 dxe4 4. Nxe4 Bf5 5. Ng3 Bg6 6. h4 h6 7. Nf3 Nd7 8. h5
Bh7 9. Bd3 Ngf6 10. Bxh7 Nxh7 11. Qe2 e6 12. Bd2 Be7 13. O-O-O O-O 14. Ne4 Ndf6
15. Nxf6+ Nxf6 16. Kb1 Qd5 17. Be3 a5 18. Ne5 a4 19. f3 a3 20. b3 Rad8 21. g4
Qa5 22. c4 c5 23. Bd2 Qc7 24. g5 hxg5 25. Bxg5 Ne4 26. Qxe4 Bxg5 27. h6 gxh6
28. f4 f5 29. Qg2 Qg7 30. fxg5 hxg5 31. Rh5 g4 32. Rdh1 1-0